El Nuevo pueblo de Dios: una experiencia cristiana desde los pobres
Guardado en:
| 主要作者: | |
|---|---|
| 企業作者: | |
| 格式: | Texto |
| 出版: |
Heredia
|
| 標簽: |
添加標簽
沒有標簽, 成為第一個標記此記錄!
|
MARC
| LEADER | 00000 a a2200000 04500 | ||
|---|---|---|---|
| 001 | 21114 | ||
| 003 | |||
| 040 | |||
| 090 | |a 091500 | ||
| 100 | |a Alas, Higinio | ||
| 110 | |a Equipo de Pastoral OARS-REFUGIADOS | ||
| 245 | |a El Nuevo pueblo de Dios: una experiencia cristiana desde los pobres | ||
| 260 | |a Heredia | ||
| 300 | |a 142 p. | ||
| 999 | |c 6190 |d 6190 | ||
